书目信息 |
| 题名: |
跟着君之学烘焙
|
|
| 作者: | 君之 | |
| 分册: | ||
| 出版信息: | 北京 科学技术出版社 2013 |
|
| 页数: | 232 | |
| 开本: | 23cm | |
| 丛书名: | ||
| 单 册: | ||
| 中图分类: | TS21 | |
| 科图分类: | ||
| 主题词: | 粮食加工--食品工业 , 粮食加工 | |
| 电子资源: | ||
| ISBN: | 7-5304-5755-9 | |
| 000 | 00555nam0 2200193 450 | |
| 001 | 1735846483 | |
| 005 | 20170410095726.48 | |
| 010 | @a7-5304-5755-9@d¥39.80 | |
| 100 | @a20170410d km y0chiy0120 ea | |
| 101 | 0 | @achi |
| 200 | 1 | @a跟着君之学烘焙@Agen zhuo jun zhi xue hong bei@f君之@Fjun zhi |
| 210 | @a北京@c科学技术出版社@d2013 | |
| 215 | @a232@c插图@d23cm | |
| 606 | 0 | @a粮食加工@x食品工业 |
| 606 | 0 | @a粮食加工 |
| 690 | @aTS21@v4 | |
| 701 | 0 | @a君之@Ajun zhi |
| 801 | 0 | @aCN@b大连网信软件有限公司图书馆·11@c20170410 |
| 905 | @b6603806@dTS21@en2@f1 | |
| 跟着君之学烘焙/君之.-北京:科学技术出版社,2013 |
| 232:插图;23cm |
| ISBN 7-5304-5755-9:¥39.80 |
| ● |
| 相关链接 |
|
|
|
|
正题名:跟着君之学烘焙
索取号:TS21/n2
 
预约/预借
| 序号 | 登录号 | 条形码 | 馆藏地/架位号 | 状态 | 备注 |
| 1 | 6603806 | 266038067 | 生命科学系资料室/ [索取号:TS21/n2] | 在馆 |